LEADER 01000cam0 22002773 450 001 E600200048952 005 20210216094435.0 100 $a20090512d2006 |||||ita|0103 ba 101 $aspa 102 $aSP 200 1 $aCurso superior de espaņol$eejercicios. Notas gramaticales. Textos. Clave de los ejercicios y vocabulario$fConcha Moreno Garcia 205 $a14.ed 210 $aMadrid$cSociedad General Espaņola de Librerėa$d2006 215 $a275 p.$d24 cm 225 2 $aEl estudio del espaņol 410 1$1001LAEC00026716$12001 $a*El estudio del espaņol 700 1$aMoreno Garcia$b, Concha$3AF00023693$4070$0174776 801 0$aIT$bUNISOB$c20210216$gRICA 850 $aUNISOB 852 $aUNISOB$j860$m144030 912 $aE600200048952 940 $aM 102 Monografia moderna SBN 941 $aM 957 $a860$b000609$gSI$d144030$racquisto$1catenacci$2UNISOB$3UNISOB$420090512095056.0$520210216094424.0$6Spinosa 996 $aCurso superior de espaņol$9442490 997 $aUNISOB